00423nam a22001697a 450000500170000001000150001702000260003203500140005803700090007208200090008110000210009024500480011125000120015927000300017130000190020170000330022020241028124307.0 aENG-142458 a9789389113990c550.00 aEN-125990 bDBAD aS21 aKokkuri, V Rajan aI Remain Forever Yours/cBy Rajan V Kokkuri a1b2019 mv.kokkuri.rajan@gmail.com a68p.c20cm(pb) aEdited by Chaudhary, Abhinav